000
00286cam a2200109ua 4500
020
_a
81 7061 022 2
082
_a
028.71631
_b
BUR/HA
245
_a
Hand book Agricultural Machinery Terminology /
260
_a
:
_b
Buraeu of Indian standards ,
_c
1989.
300
_a
88 ; .
942
_c
BK
999
_c
10275
_d
10275